Extranuclear activity in galaxies (Record no. 9761)
[ view plain ]
| 000 -LEADER | |
|---|---|
| fixed length control field | 00974nam a2200229Ia 4500 |
| 003 - CONTROL NUMBER IDENTIFIER | |
| control field | IN-BaIIA |
| 008 - FIXED-LENGTH DATA ELEMENTS--GENERAL INFORMATION | |
| fixed length control field | 211028s9999 xx 000 0 eng d |
| 020 ## - INTERNATIONAL STANDARD BOOK NUMBER | |
| International Standard Book Number | 3-923524-34-X |
| 040 ## - CATALOGING SOURCE | |
| Transcribing agency | IIA Library |
| 080 ## - UNIVERSAL DECIMAL CLASSIFICATION NUMBER | |
| Universal Decimal Classification number | 524.7-7(082.2) |
| Item number | ESO |
| 111 ## - MAIN ENTRY--MEETING NAME | |
| Meeting name or jurisdiction name as entry element | ESO Workshop & Session on Extranuclear Activity in Galaxies |
| Location of meeting | Garching, Germany |
| Date of meeting or treaty signing | 1989 May 16-18 |
| 9 (RLIN) | 16526 |
| 245 #0 - TITLE STATEMENT | |
| Title | Extranuclear activity in galaxies |
| Remainder of title | proceedings of a ESO workshop & session on extranuclear activity in galaxies, held in Garching, Germany, |
| Statement of responsibility, etc. | edited by E. J. A. Meurs and R. A. E. Fosbury |
| 260 ## - PUBLICATION, DISTRIBUTION, ETC. | |
| Place of publication, distribution, etc. | Germany |
| Name of publisher, distributor, etc. | European Southern Observatory |
| Date of publication, distribution, etc. | 1989 |
| 300 ## - PHYSICAL DESCRIPTION | |
| Extent | viii, 452p. |
| 490 ## - SERIES STATEMENT | |
| Series statement | ESO conference and workshop proceedings no.32 |
| 650 ## - SUBJECT ADDED ENTRY--TOPICAL TERM | |
| Topical term or geographic name entry element | Astronomy and astrophysics thesaurus |
| 650 ## - SUBJECT ADDED ENTRY--TOPICAL TERM | |
| Topical term or geographic name entry element | Extragalactic objects |
| 9 (RLIN) | 3898 |
| 650 ## - SUBJECT ADDED ENTRY--TOPICAL TERM | |
| Topical term or geographic name entry element | Galaxies |
| 9 (RLIN) | 1286 |
| 700 ## - ADDED ENTRY--PERSONAL NAME | |
| Personal name | Fosbury, R. A. E., ed. |
| 9 (RLIN) | 16527 |
| 700 ## - ADDED ENTRY--PERSONAL NAME | |
| Personal name | Meurs, E. J. A., ed. |
| 9 (RLIN) | 16528 |
| 942 ## - ADDED ENTRY ELEMENTS (KOHA) | |
| Koha item type | Books |
| Withdrawn status | Lost status | Damaged status | Not for loan | Home library | Current library | Shelving location | Date acquired | Total Checkouts | Full call number | Barcode | Date last seen | Price effective from | Koha item type | Purchase Price |
|---|---|---|---|---|---|---|---|---|---|---|---|---|---|---|
| IIA Library-Bangalore | IIA Library-Bangalore | General Stacks | 524.7-7(082.2)/ ESO | 10671 | 05/11/2021 | Books | DM 40 |